Ägyptische und ägyptisierende Kunstwerke : vollständiger Katalog /

محفوظ في:

مؤلف مشترك: Staatliche Museen Kassel

مؤلفون آخرون: Felgenhauer, Annette.

التنسيق: كتاب

اللغة: German

منشور في: Kassel : Staatliche Museen, 1996.

سلاسل: Kataloge der Staatlichen Museen Kassel ; 22.

الموضوعات:

الوسوم: إضافة وسم

لا توجد وسوم, كن أول من يضع وسما على هذه التسجيلة!

رقم الطلب: DT59 .K21 F37 1996

LEADER 01071namaa2200277 4500
001 23137
003 OSt
005 20220120092540.0
008 130303s1996 gw ab g bc 000 0 ger d
952 |0 0  |1 0  |2 lcc  |4 0  |6 DT0059 K21 F37 01996  |7 1  |9 24418  |a ARCE  |b ARCE  |d 2022-01-20  |l 0  |o DT59 .K21 F37 1996  |p 1014920  |r 2022-01-20 00:00:00  |w 2022-01-20  |y BK 
999 |c 20258  |d 20258 
020 |a 3931787001 
040 |c ARCE Library 
050 4 |a DT59 .K21 F37 1996  |b   
110 2 |a Staatliche Museen Kassel, 
245 1 0 |a Ägyptische und ägyptisierende Kunstwerke :   |b vollständiger Katalog /   |c bearbeitet von Annette Felgenhauer. 
264 1 |a Kassel :   |b Staatliche Museen,   |c 1996. 
300 |a 221 pages :   |b illustrations, maps ;   |c 22 cm. 
490 1 |a Kataloge der Staatlichen Museen Kassel ;   |v 22. 
504 |a Includes bibliographical references. 
610 2 0 |a Staatliche Museen Kassel   |v Catalogs. 
650 0 |a Art, Egyptian   |v Catalogs. 
700 1 |a Felgenhauer, Annette.  |9 29940 
830 0 |a Kataloge der Staatlichen Museen Kassel ;   |v 22. 
901 |a reviewed 
942 |c BK  |2 lcc